[Event "GRE-ch Online Blitz op 1st"]
[Site "Tornelo INT"]
[Date "2021.02.07"]
[Round "4"]
[White "Gkavardinas, Antonios"]
[Black "Lytras, Iosif"]
[Result "1-0"]
[WhiteElo "1400"]
[BlackElo "1760"]
[PlyCount "61"]
[EventDate "2021.02.07"]
[EventType "swiss (blitz)"]
[EventRounds "16"]
[EventCountry "GRE"]
[SourceTitle "EXT 2023"]
[Source "ChessBase"]
[SourceDate "2022.10.05"]
[SourceVersion "1"]
[SourceVersionDate "2022.10.05"]
[SourceQuality "1"]

1. e4 c5 2. Nf3 d6 3. d4 cxd4 4. Nxd4 Nf6 5. Nc3 g6 6. f3 Bg7 7. Bc4 0-0 8. Be3 Nc6 9. Qd2 Bd7 10. 0-0-0 Rc8 11. Bb3 Nxd4 12. Bxd4 b5 13. g4 a5 14. a3 b4 15. axb4 axb4 16. Na2 Qc7 17. g5 Nh5 18. Bxg7 Nxg7 19. Qxb4 Be6 20. Nc3 Rb8 21. Qa4 Ra8 22. Qd4 Bxb3 23. cxb3 Ne6 24. Qe3 Qa5 25. Kc2 Qxg5 26. Qd3 Qc5 27. h4 Rfc8 28. h5 Nf4 29. Qd2 Nxh5 30. Rdg1 Kh8 31. Rg5 1-0

[Event "GRE-ch Online Blitz op 1st"]
[Site "Tornelo INT"]
[Date "2021.02.07"]
[Round "7"]
[White "Lytras, Iosif"]
[Black "Gioras, Ioannis"]
[Result "1-0"]
[WhiteElo "1760"]
[BlackElo "1502"]
[PlyCount "85"]
[EventDate "2021.02.07"]
[EventType "swiss (blitz)"]
[EventRounds "16"]
[EventCountry "GRE"]
[SourceTitle "EXT 2023"]
[Source "ChessBase"]
[SourceDate "2022.10.05"]
[SourceVersion "1"]
[SourceVersionDate "2022.10.05"]
[SourceQuality "1"]

1. e4 c5 2. Nc3 g6 3. g3 Bg7 4. Bg2 Nc6 5. d3 d6 6. Be3 Nf6 7. h3 h5 8. Qd2 a6 9. f4 Rb8 10. Nf3 e6 11. 0-0 Bd7 12. d4 cxd4 13. Nxd4 Nxd4 14. Bxd4 Bc6 15. Rad1 0-0 16. Qe3 b5 17. a3 b4 18. axb4 Rxb4 19. Bc5 Rxb2 20. Bxd6 Rxc2 21. Rf2 Rxc3 22. Qxc3 Nxe4 23. Qxc6 Nxf2 24. Kxf2 Re8 25. Bf3 a5 26. Be5 Qe7 27. Bxg7 Kxg7 28. Qc3+ Kg8 29. Qxa5 h4 30. g4 Rb8 31. Rd2 Qf6 32. Qe5 Qxe5 33. fxe5 Rb5 34. Re2 Kf8 35. Bg2 g5 36. Kf3 Ke7 37. Re3 f6 38. exf6+ Kxf6 39. Bf1 Rb2 40. Bc4 e5 41. Ke4 Rf2 42. Rf3+ Rxf3 43. Kxf3 1-0

[Event "GRE-ch Online Blitz op 1st"]
[Site "Tornelo INT"]
[Date "2021.02.07"]
[Round "11"]
[White "Lytras, Iosif"]
[Black "Laggousis, Andreas"]
[Result "0-1"]
[WhiteElo "1760"]
[BlackElo "1856"]
[PlyCount "70"]
[EventDate "2021.02.07"]
[EventType "swiss (blitz)"]
[EventRounds "16"]
[EventCountry "GRE"]
[SourceTitle "EXT 2023"]
[Source "ChessBase"]
[SourceDate "2022.10.05"]
[SourceVersion "1"]
[SourceVersionDate "2022.10.05"]
[SourceQuality "1"]

1. e4 c6 2. d4 d5 3. exd5 cxd5 4. c4 Nf6 5. Nc3 Nc6 6. h3 e6 7. Nf3 Be7 8. Bd3 h6 9. 0-0 0-0 10. Bf4 a6 11. a3 dxc4 12. Bxc4 b5 13. Ba2 Bb7 14. Re1 Na5 15. Qe2 Rc8 16. Rad1 Nd5 17. Nxd5 Bxd5 18. Bb1 Bd6 19. Ne5 Nc4 20. Bxh6 Bxe5 21. dxe5 gxh6 22. Qd3 Re8 23. Qh7+ Kf8 24. Qh8+ Ke7 25. Qf6+ Kd7 26. Qxf7+ Re7 27. Qf6 Qf8 28. b3 Nxa3 29. Rxd5+ exd5 30. Qd6+ Ke8 31. Bg6+ Rf7 32. Bxf7+ Kxf7 33. Qf6+ Kg8 34. Qg6+ Kh8 35. e6 Qg7 0-1